Statistics for Countries Most Affected by the 2004 Tsunami

Click here to take the quiz!

General Stats

  • This quiz has been taken 8,328 times
    (8,260 since last reset)
  • The average score is 5 of 8

Answer Stats

Victims Country % Correct
167,540Indonesia
98%
16,269India
93%
8,212Thailand
92%
35,322Sri Lanka
87%
400–600 Myanmar
77%
289Somalia
35%
539Germany
20%
543Sweden
15%

Score Distribution

Percentile by Number Answered

Percent of People with Each Score

Your Score History

You have not taken this quiz since the last reset